Mathematische Statistik mit industriellen Anwendungen
Salvato in:
| Autore principale: | |
|---|---|
| Altri autori: | |
| Natura: | Libro |
| Lingua: | tedesco |
| Pubblicazione: |
Budapest
Akadémiai Kiadó
1984
|
| Tags: |
Nessun Tag, puoi essere il primo ad aggiungerne!!
|
MARC
| LEADER | 00000nam a2200000 4500 | ||
|---|---|---|---|
| 001 | c109134 | ||
| 005 | 20041019155143.3 | ||
| 041 | 0 | |a ger | |
| 044 | |a HU | ||
| 245 | 1 | 0 | |a Mathematische Statistik mit industriellen Anwendungen |c István Vincze ; [Übersetzt aus dem Ungarischen E. Vas] |
| 264 | 1 | |a Budapest |b Akadémiai Kiadó |c 1984 | |
| 300 | |a 502 s. | ||
| 100 | 1 | |a Vincze, István | |
| 700 | 1 | |a Vas, E. | |